Introduction to Indian freedom struggle (1857-1947)/ (Record no. 11854)

MARC details
000 -LEADER
fixed length control field 00560nam a22002057a 4500
005 - DATE AND TIME OF LATEST TRANSACTION
control field 20260515115026.0
008 - FIXED-LENGTH DATA ELEMENTS--GENERAL INFORMATION
fixed length control field 240822b |||||||| |||| 00| 0 eng d
020 ## - INTERNATIONAL STANDARD BOOK NUMBER
International Standard Book Number 9788196038571
040 ## - CATALOGING SOURCE
Original cataloging agency IN-DiNC
Transcribing agency IN-DiNC
041 ## - LANGUAGE CODE
Language code of sung or spoken text eng
082 ## - DEWEY DECIMAL CLASSIFICATION NUMBER
Classification number 954.035
Item number SEN
100 ## - MAIN ENTRY--PERSONAL NAME
Personal name Sen, Sanjay
Relator term author
245 ## - TITLE STATEMENT
Title Introduction to Indian freedom struggle (1857-1947)/
Statement of responsibility, etc. by Sanjay Sen
250 ## - EDITION STATEMENT
Edition statement 1st ed.
260 ## - PUBLICATION, DISTRIBUTION, ETC.
Place of publication, distribution, etc. Guwahati:
Name of publisher, distributor, etc. Ashok publication,
Date of publication, distribution, etc. 2024.
300 ## - PHYSICAL DESCRIPTION
Extent 312p.
650 ## - SUBJECT ADDED ENTRY--TOPICAL TERM
Topical term or geographic name entry element Revolt of 1857
650 ## - SUBJECT ADDED ENTRY--TOPICAL TERM
Topical term or geographic name entry element Indian National Army
942 ## - ADDED ENTRY ELEMENTS (KOHA)
Source of classification or shelving scheme Dewey Decimal Classification
Koha item type Books
Holdings
Withdrawn status Lost status Source of classification or shelving scheme Damaged status Not for loan Collection Home library Current library Shelving location Date acquired Cost, normal purchase price Total checkouts Full call number Barcode Date last seen Date last checked out Copy number Price effective from Koha item type
    Dewey Decimal Classification       Naharkatiya College Library Naharkatiya College Library General stacks 08/22/2024 350.00 3 954.035 SEN 30218 12/16/2024 11/29/2024 1 08/22/2024 Books
    Dewey Decimal Classification       Naharkatiya College Library Naharkatiya College Library General stacks 08/22/2024 350.00 2 954.035 SEN 30219 12/16/2024 11/04/2024 2 08/22/2024 Books